<?xml version="1.0" encoding="UTF-8"?>
<record
    xmlns:xsi="http://www.w3.org/2001/XMLSchema-instance"
    xsi:schemaLocation="http://www.loc.gov/MARC21/slim http://www.loc.gov/standards/marcxml/schema/MARC21slim.xsd"
    xmlns="http://www.loc.gov/MARC21/slim">

  <leader>02946nam a2200409 i 4500</leader>
  <controlfield tag="001">000022454</controlfield>
  <controlfield tag="003">DO-SdBNP</controlfield>
  <controlfield tag="005">20260312122946.0</controlfield>
  <controlfield tag="007">ta</controlfield>
  <controlfield tag="008">101011s2005    dr      r     000 0 spa d</controlfield>
  <datafield tag="020" ind1=" " ind2=" ">
    <subfield code="a">9945853503</subfield>
  </datafield>
  <datafield tag="040" ind1=" " ind2=" ">
    <subfield code="a">DO-SdBNP</subfield>
    <subfield code="b">spa</subfield>
    <subfield code="c">BNPHU</subfield>
    <subfield code="e">rda</subfield>
  </datafield>
  <datafield tag="041" ind1=" " ind2=" ">
    <subfield code="a">spa</subfield>
  </datafield>
  <datafield tag="082" ind1=" " ind2="4">
    <subfield code="a">305.8</subfield>
    <subfield code="b">A188r</subfield>
    <subfield code="2">22</subfield>
  </datafield>
  <datafield tag="245" ind1="0" ind2="3">
    <subfield code="a">La actitud racial en Rep&#xFA;blica Dominicana /</subfield>
    <subfield code="c">pr&#xF3;logo, Jos&#xE9; Rafael N&#xFA;&#xF1;ez.</subfield>
  </datafield>
  <datafield tag="264" ind1=" " ind2=" ">
    <subfield code="a">Santo Domingo :</subfield>
    <subfield code="b">SJRM</subfield>
    <subfield code="c">2005.</subfield>
  </datafield>
  <datafield tag="300" ind1=" " ind2=" ">
    <subfield code="a">196 p&#xE1;ginas ;</subfield>
    <subfield code="c">23 cm.</subfield>
  </datafield>
  <datafield tag="336" ind1=" " ind2=" ">
    <subfield code="a">texto</subfield>
    <subfield code="b">txt</subfield>
    <subfield code="2">rdacontent</subfield>
  </datafield>
  <datafield tag="337" ind1=" " ind2=" ">
    <subfield code="a">sin mediaci&#xF3;n</subfield>
    <subfield code="b">n</subfield>
    <subfield code="2">rdamedia</subfield>
  </datafield>
  <datafield tag="338" ind1=" " ind2=" ">
    <subfield code="a">volumen</subfield>
    <subfield code="b">nc</subfield>
    <subfield code="2">rdacarrier</subfield>
  </datafield>
  <datafield tag="490" ind1="1" ind2=" ">
    <subfield code="a">Relaci&#xF3;n Dom&#xED;nico-Haitianas ;</subfield>
  </datafield>
  <datafield tag="490" ind1="1" ind2=" ">
    <subfield code="a">Serie </subfield>
    <subfield code="v">5</subfield>
  </datafield>
  <datafield tag="500" ind1=" " ind2=" ">
    <subfield code="a">Incluye &#xED;ndice de cuadros</subfield>
  </datafield>
  <datafield tag="500" ind1=" " ind2=" ">
    <subfield code="a">Incluye referencias bibliogr&#xE1;ficas y notas al pie de las p&#xE1;ginas</subfield>
  </datafield>
  <datafield tag="505" ind1="0" ind2=" ">
    <subfield code="a">&#x2022; Pr&#xF3;logo -- Resumen ejecutivo -- INTRODUCCI&#xD3;N -- Contexto -- Aspectos metodol&#xF3;gicos -- Descripci&#xF3;n de escenarios: Santo Domingo y Dajab&#xF3;n -- Caracterizaci&#xF3;n de actores-as -- Productos de la investigaci&#xF3;n -- An&#xE1;lisis e informe -- ENFOQUE DE LA ACTITUD RACIAL EN EL MARCO DE LOS DERECHOS HUMANOS -- &#xBF;Con qu&#xE9; derecho? -- La raza en Rep&#xFA;blica Dominicana -- Tres grupos migratorios -- Declaraci&#xF3;n contra el racismo, la discriminaci&#xF3;n racial, la xenofobia y las formas conexas de intolerancia -- Graves violaciones de los derechos humanos -- Causas y v&#xED;ctimas del racismo (...) -- Diversidad -- Medidas -- Convenci&#xF3;n Internacional sobre la Eliminaci&#xF3;n de todas las Formas de Discrimaci&#xF3;n Racial -- Toda distinci&#xF3;n -- El Comit&#xE9; para la Eliminaci&#xF3;n de la Discriminaci&#xF3;n Racial --Conclusi&#xF3;n -- IDENTIDAD Y ACTITUD RACIAL -- Perspectiva cr&#xED;tica sobre la identidad dominicana -- Autodefinici&#xF3;n etno-racial -- Identidad racial y representaci&#xF3;n social -- Percepci&#xF3;n general de los grupos en torno a los valores -- Posici&#xF3;n frente a lo racial y actitudes racistas -- Conclusi&#xF3;n -- ASPECTOS INSTITUCIONALES Y ACTITUD RACIAL -- El racismo en el sistema escolar -- El racismo y el curr&#xED;culo -- Los(as) docentes -- El prejuicio racial en la familia. Elecci&#xF3;n de pareja -- La estructura laboral -- La Iglesia -- La justicia y los cuerpos armados -- Conclusi&#xF3;n -- EL PREJUICIO DOMINICANO HACIA LOS /LAS HAITIANOS/AS El prejuicio dominicano hacia el/la haitiano/a .</subfield>
  </datafield>
  <datafield tag="590" ind1=" " ind2=" ">
    <subfield code="a">Inventariado, 2018/BT</subfield>
  </datafield>
  <datafield tag="650" ind1=" " ind2="4">
    <subfield code="a">Discriminaci&#xF3;n racial </subfield>
    <subfield code="z">Rep&#xFA;blica Dominicana</subfield>
    <subfield code="9">2280</subfield>
  </datafield>
  <datafield tag="650" ind1=" " ind2="4">
    <subfield code="a">Haitianos en rep&#xFA;blica dominicana</subfield>
    <subfield code="9">2246</subfield>
  </datafield>
  <datafield tag="650" ind1=" " ind2="4">
    <subfield code="a">Discriminacion en la educaci&#xF3;n</subfield>
    <subfield code="9">46282</subfield>
  </datafield>
  <datafield tag="650" ind1=" " ind2="4">
    <subfield code="a">Haitianos</subfield>
    <subfield code="x">Condiciones sociales</subfield>
    <subfield code="9">46283</subfield>
  </datafield>
  <datafield tag="700" ind1="1" ind2=" ">
    <subfield code="a">N&#xFA;&#xF1;ez, Jos&#xE9; Rafael,</subfield>
    <subfield code="e">prologuista</subfield>
    <subfield code="4">pr.</subfield>
    <subfield code="9">46285</subfield>
  </datafield>
  <datafield tag="710" ind1="1" ind2=" ">
    <subfield code="a">Servicio Jesuita a refugiados y migrantes</subfield>
    <subfield code="9">46284</subfield>
  </datafield>
  <datafield tag="710" ind1="1" ind2=" ">
    <subfield code="a">Servicio Jesuita a Refugiad@s y Migrantes (Rep&#xFA;blica Dominicana)</subfield>
    <subfield code="9">46286</subfield>
  </datafield>
  <datafield tag="830" ind1="0" ind2="0">
    <subfield code="a">Relaci&#xF3;n Dom&#xED;nico-Haitianas ;</subfield>
    <subfield code="p">Serie</subfield>
    <subfield code="v">5</subfield>
    <subfield code="9">46287</subfield>
  </datafield>
  <datafield tag="910" ind1=" " ind2=" ">
    <subfield code="a">Validado. Control de calidad. MFF</subfield>
  </datafield>
  <datafield tag="942" ind1=" " ind2=" ">
    <subfield code="2">ddc</subfield>
    <subfield code="c">LBS1</subfield>
  </datafield>
  <datafield tag="952" ind1=" " ind2=" ">
    <subfield code="0">0</subfield>
    <subfield code="1">0</subfield>
    <subfield code="2">ddc</subfield>
    <subfield code="5">6</subfield>
    <subfield code="7">0</subfield>
    <subfield code="8">DS</subfield>
    <subfield code="a">BNPHU</subfield>
    <subfield code="b">DO</subfield>
    <subfield code="c">HD</subfield>
    <subfield code="d">2010-10-11</subfield>
    <subfield code="l">0</subfield>
    <subfield code="o">BNPHU DS 305.8 A188r</subfield>
    <subfield code="p">22454-30</subfield>
    <subfield code="r">2020-06-25</subfield>
    <subfield code="t">e. 3</subfield>
    <subfield code="w">2020-06-25</subfield>
    <subfield code="y">LFDS</subfield>
  </datafield>
  <datafield tag="952" ind1=" " ind2=" ">
    <subfield code="0">0</subfield>
    <subfield code="1">0</subfield>
    <subfield code="2">ddc</subfield>
    <subfield code="5">6</subfield>
    <subfield code="7">0</subfield>
    <subfield code="8">DS</subfield>
    <subfield code="a">BNPHU</subfield>
    <subfield code="b">DO</subfield>
    <subfield code="c">HD</subfield>
    <subfield code="d">2010-10-11</subfield>
    <subfield code="l">0</subfield>
    <subfield code="o">BNPHU DS 305.8 A188r</subfield>
    <subfield code="p">22454-40</subfield>
    <subfield code="r">2020-06-25</subfield>
    <subfield code="t">e. 4</subfield>
    <subfield code="w">2020-06-25</subfield>
    <subfield code="y">LFDS</subfield>
  </datafield>
  <datafield tag="952" ind1=" " ind2=" ">
    <subfield code="0">0</subfield>
    <subfield code="1">0</subfield>
    <subfield code="2">ddc</subfield>
    <subfield code="5">1</subfield>
    <subfield code="7">0</subfield>
    <subfield code="8">PD</subfield>
    <subfield code="a">BNPHU</subfield>
    <subfield code="b">PD</subfield>
    <subfield code="c">HD</subfield>
    <subfield code="d">2010-10-11</subfield>
    <subfield code="l">0</subfield>
    <subfield code="o">BNPHU PD 305.8 A188r</subfield>
    <subfield code="p">22454-10</subfield>
    <subfield code="r">2020-06-25</subfield>
    <subfield code="w">2020-06-25</subfield>
    <subfield code="y">LFPD</subfield>
  </datafield>
  <datafield tag="952" ind1=" " ind2=" ">
    <subfield code="0">0</subfield>
    <subfield code="1">0</subfield>
    <subfield code="2">ddc</subfield>
    <subfield code="5">1</subfield>
    <subfield code="7">0</subfield>
    <subfield code="8">PD</subfield>
    <subfield code="a">BNPHU</subfield>
    <subfield code="b">PD</subfield>
    <subfield code="c">HD</subfield>
    <subfield code="d">2010-10-11</subfield>
    <subfield code="l">0</subfield>
    <subfield code="o">BNPHU PD 305.8 A188r</subfield>
    <subfield code="p">22454-20</subfield>
    <subfield code="r">2020-06-25</subfield>
    <subfield code="t">e. 2</subfield>
    <subfield code="w">2020-06-25</subfield>
    <subfield code="y">LFPD</subfield>
  </datafield>
  <datafield tag="952" ind1=" " ind2=" ">
    <subfield code="0">0</subfield>
    <subfield code="1">0</subfield>
    <subfield code="2">ddc</subfield>
    <subfield code="5">6</subfield>
    <subfield code="7">0</subfield>
    <subfield code="8">DS</subfield>
    <subfield code="a">BNPHU</subfield>
    <subfield code="b">DO</subfield>
    <subfield code="c">HD</subfield>
    <subfield code="d">2020-12-14</subfield>
    <subfield code="l">0</subfield>
    <subfield code="o">BNPHU DS 305.8 A188r</subfield>
    <subfield code="p">2020-0713</subfield>
    <subfield code="r">2020-12-14</subfield>
    <subfield code="t">e.5</subfield>
    <subfield code="w">2020-12-14</subfield>
    <subfield code="y">LFDS</subfield>
  </datafield>
  <datafield tag="999" ind1=" " ind2=" ">
    <subfield code="c">21952</subfield>
    <subfield code="d">21952</subfield>
  </datafield>
</record>
